000 00690pam a2200229 a 4500
001 1052721
005 20180111070722.0
008 901102m19919999miua b 000 0 eng
010 _a 90022885
020 _a0929816250 (v. 1)
040 _aDLC
_cDLC
_dDLC
041 _aeng
080 _a372.19
082 0 0 _a372.19 MAE
_220
100 _a46
101 _aEDU
245 0 0 _aHigh/Scope K-3 curriculum series.
504 _aIncludes bibliographical references.
906 _a7
_bcbc
_corignew
_d1
_eocip
_f19
_gy-gencatlg
942 _2ddc
_cBK
999 _c40111
_d40111